| 000 | 00778nam a2200241Ia 4500 | ||
|---|---|---|---|
| 003 | OSt | ||
| 005 | 20260123111359.0 | ||
| 008 | 210716s1984 xx 000 0 und d | ||
| 020 | _a803921349 | ||
| 040 | _cAIMIT LIBRARY | ||
| 041 | _aeng | ||
| 082 |
_a304.6 _21 _bRIVN |
||
| 100 |
_aRives, Norfleet W. _9252352 |
||
| 245 |
_aIntroduction to applied demography : _bdata sources and estimation techniques / _cBy Norfleet W Rives and William J Serow. |
||
| 250 | _a1st ed. | ||
| 260 |
_aNew Delhi : _bSage Publications , _c1984. |
||
| 300 |
_a96p. ; _bPB _c21.9 cm |
||
| 650 |
_aCensus statistics _9252353 |
||
| 650 |
_aVital statistics _9252354 |
||
| 650 |
_aEstimating total population _9252355 |
||
| 700 |
_aSerow, William J. _9252356 |
||
| 942 |
_2ddc _cBK _e1st _k304.6 RIVN |
||
| 999 |
_c181124 _d181124 |
||